Les 10 pays les plus au sud - Statistiques

Statistiques générales
  • Ce quiz a été pris 261 fois
  • Le résultat moyen est 7 sur 10
Statistiques - réponses
Top10 Pays % Correct
8 Afrique du sud
97%
3 Argentine
96%
4 Australie
96%
2 Chili
94%
6 Nouvelle-Zélande
94%
10 Brésil
58%
9 Uruguay
58%
7 France
46%
1 Royaume-Uni
41%
5 Norvège
9%
Aucun quiz correspondant
Distribution des résultats
% des personnes avec chaque résultat
Percentile par nombre de réponses
Votre historique - résultats
Vous n’avez pas pris ce quiz